000 00450nam a2200181Ia 4500
005 20250326142509.0
008 250326s9999 xx 000 0 und d
037 _aTextbook
040 _aFMSL
_beng
_cFMSL
041 _aeng
_2eng
084 _qFMSL
100 _aKirby G R
_9746157
245 0 _aThinking
_cKirby G R
260 _aNew Jersey
_bNew Jersey, Prentice Hall
_c1999
300 _a318p
942 _cTB
999 _c1295307
_d1295307